LIBRARY & INFORMATION CENTRE, KCAET, TAVANUR

ONLINE PUBLIC ACCESS CATALOGUE (OPAC)

Probability, random variables and stochastic processes / (Record no. 13330)

MARC details
000 -LEADER
fixed length control field 00468cam a2200157ua 4500
041 ## - LANGUAGE CODE
Language code of text/sound track or separate title eng
082 ## - DEWEY DECIMAL CLASSIFICATION NUMBER
Classification number 519.2
Item number PAP/PR
100 ## - MAIN ENTRY--AUTHOR NAME
Personal name Papaoulis, Athanasios .
245 ## - TITLE STATEMENT
Title Probability, random variables and stochastic processes /
260 ## - PUBLICATION, DISTRIBUTION, ETC. (IMPRINT)
Place of publication New Delhi :
Name of publisher Tata Mc-Graw Hill Publishing Company ,
Year of publication 2002.
300 ## - PHYSICAL DESCRIPTION
Number of Pages 851 ; .
700 1# - ADDED ENTRY--PERSONAL NAME
Personal name Unnikrishna Pillai, S .
942 ## - ADDED ENTRY ELEMENTS (KOHA)
Koha item type Books
Holdings
Withdrawn status Lost status Damaged status Home library Current library Date acquired Full call number Accession Number Koha item type
      KAUAET KAUAET 07/04/2012 519.2 PAP/PR 21777 Books
free website counter